Az évi tojástermelés alakulásának vizsgálata intenzív és félintenzív tartási körülmények között
Elmentve itt :
| Szerző: | |
|---|---|
| További közreműködők: | |
| Dokumentumtípus: | Szakdolgozat |
| Megjelent: |
1967
|
| Kulcsszavak: | Baromfitenyésztés Tojástermelés |
| Tárgyszavak: | |
| Online Access: | http://diploma.bibl.u-szeged.hu/97537 |
| LEADER | 00856nta a2200253 i 4500 | ||
|---|---|---|---|
| 001 | dipl97537 | ||
| 005 | 20220107151914.0 | ||
| 008 | 220107s1967 hu om 0|| hun d | ||
| 040 | |a SZTE Diploma Repozitórium |b hun | ||
| 041 | |a hun | ||
| 100 | 1 | |a Búza György | |
| 245 | 1 | 3 | |a Az évi tojástermelés alakulásának vizsgálata intenzív és félintenzív tartási körülmények között |h [elektronikus dokumentum] / |c György Búza |
| 260 | |c 1967 | ||
| 300 | |a 23 | ||
| 650 | 4 | |a Agrár | |
| 650 | 4 | |a Agricultural sciences | |
| 650 | 4 | |a Animal and Dairy science | |
| 650 | 4 | |a Animal and dairy science | |
| 650 | 4 | |a Zootechnics | |
| 650 | 4 | |a Poultry breeding | |
| 695 | |a Baromfitenyésztés | ||
| 695 | |a Tojástermelés | ||
| 700 | 1 | |a nincs megadva |e ths | |
| 856 | 4 | 0 | |u http://diploma.bibl.u-szeged.hu/id/eprint/97537/1/1967_buza_gyorgy.pdf |z Dokumentum-elérés |